| 000 | 00660nam a2200253uu 4500 | ||
|---|---|---|---|
| 999 |
_c2862 _d2819 |
||
| 003 | TR-IsYBT | ||
| 005 | 20190905135746.0 | ||
| 008 | 160125s2005 tu tur | ||
| 020 | _a9752540287 | ||
| 041 | _atur | ||
| 050 | _aPL248.T677 | ||
| 100 | _aTosuner, Necati | ||
| 245 | 1 | _aÖzgürlük Masalı | |
| 250 | _a4.Baskı | ||
| 260 |
_aİstanbul _bNeden Kitap _cŞubat 2005 |
||
| 300 | _a80 Sayfa | ||
| 500 | _a1.Baskı / Kasım 1965 (Kendi Yayını) 2 adet mevcuttur. | ||
| 650 | 0 |
_aTürk Edebiyatı _9145 |
|
| 650 | 0 | _aTürkçe roman ve hikaye | |
| 650 | 0 | _a20. yüzyıl | |
| 650 | 0 | _a1923 - | |
| 942 |
_2lcc _cBK |
||
| 902 | _a2005AD02082 | ||